000 00523nam a2200169 i 4500
001 22519
003 ES-MaACL
005 20250905063037.0
007 t|
008 021203s1957 sp ||||1| spa d
100 1 _aÁlvarez López, Enrique,
_d1897-1961
_920858
245 1 0 _aEspecificación, subespecificación y biogeografía /
_cpor Enrique Alvarez López.
260 _aMadrid :
_bSuma,
_c[1957] (
_fUguina)
300 _a135 p, ;
_c22 cm.
852 _aES-MaACL
_jC-12952
_bR.40527
999 _c22519
_d22519